[Event "?"]
[Site "ICS rated blitz match, 164.58"]
[Date "1997.??.??"]
[Round "?"]
[White "Brause"]
[Black "RossA"]
[Result "1-0"]
[WhiteElo "2310"]
[BlackElo "1790"]
[PlyCount "117"]

1. e4 e5 2. Nf3 Nc6 3. Nc3 Nf6 4. Nxe5 Nxe5 5. d4 Ng6 6. e5 c5 7. Bg5 cxd4 8.
Qxd4 Qe7 9. Nd5 Qxe5+ 10. Qxe5+ Nxe5 11. Bxf6 gxf6 12. Nc7+ Kd8 13. Nxa8 d6 14.
Be2 Be6 15. f4 Nc6 16. O-O f5 17. c3 Kc8 18. Rae1 Kb8 19. Nb6 axb6 20. Bd3 Be7
21. Re3 Kc7 22. Rfe1 Kd7 23. Kf2 Ra8 24. a3 Ra4 25. g3 h5 26. Bb5 Ra8 27. Ke2
h4 28. gxh4 Rh8 29. Rh3 Rxh4 30. Rxh4 Bxh4 31. Rd1 Bf6 32. Rd2 Kc7 33. Ke3 Ne7
34. h3 Ng6 35. Be2 Kc6 36. Bf3+ Kc7 37. Bg2 Bg7 38. Rf2 Bh6 39. Bf1 Kd7 40.
Bb5+ Kc7 41. Be2 Bd5 42. Bd3 Be6 43. a4 Kc6 44. Rf1 Kc7 45. Be2 Kc6 46. Bb5+
Kc7 47. Rf2 Bd7 48. Bxd7 Kxd7 49. c4 Kc6 50. b4 d5 51. b5+ Kc5 52. cxd5 Kxd5
53. Rd2+ Kc4 54. Rd7 Nxf4 55. Rd4+ Kb3 56. Rxf4 Bxf4+ 57. Kxf4 Kxa4 58. h4 Kxb5
59. h5 1-0

[Event "?"]
[Site "ICS rated blitz match, 164.58"]
[Date "1997.??.??"]
[Round "?"]
[White "Brause"]
[Black "oldtimer"]
[Result "0-1"]
[WhiteElo "2315"]
[BlackElo "2140"]
[PlyCount "150"]

1. e4 e5 2. Nf3 Nc6 3. Nc3 Nf6 4. Nxe5 Nxe5 5. d4 Ng6 6. e5 Ng8 7. Bc4 d5 8.
Nxd5 Be6 9. Ne3 Bxc4 10. Nxc4 c5 11. d5 b5 12. Na3 Nxe5 13. O-O Bd6 14. Qe2 Ne7
15. Qxb5+ Qd7 16. Qxd7+ Kxd7 17. f4 Ng4 18. c4 Nf6 19. b3 Ne4 20. Bb2 Rhg8 21.
f5 a6 22. Rae1 Nf6 23. g3 Rae8 24. Nc2 Nc8 25. Bxf6 gxf6 26. Rxe8 Rxe8 27. Kg2
Re2+ 28. Rf2 Rxf2+ 29. Kxf2 Ne7 30. Ne3 Be5 31. Kf3 Bd4 32. g4 Kd6 33. Nc2 Bg1
34. h3 Ke5 35. Kg2 Bd4 36. Kf3 Nc8 37. Ne1 Bc3 38. Nd3+ Kd4 39. Nf4 Nd6 40. Ke2
Ke4 41. Nd3 Kd4 42. Nf2 Ne4 43. Nxe4 Kxe4 44. Kf2 Be5 45. Ke2 Bf4 46. Kf2 Kd4
47. Kf3 Bd6 48. Kf2 Kc3 49. Ke3 Kb2 50. Kd3 a5 51. Kd2 Kxa2 52. Kc2 Be5 53. h4
h6 54. d6 Bxd6 55. Kc3 Be5+ 56. Kc2 Bg3 57. Kc3 Bxh4 58. Kc2 Bg3 59. Kc3 Bh2
60. Kc2 Be5 61. g5 hxg5 62. Kd3 Kxb3 63. Ke4 Kxc4 64. Ke3 Kd5 65. Kd3 c4+ 66.
Kc2 Ke4 67. Kb1 Kd3 68. Ka2 Bd6 69. Kb2 g4 70. Kb1 g3 71. Kc1 g2 72. Kb2 g1=Q
73. Ka2 Qf2+ 74. Kb1 Kc3 75. Kc1 Qf1# 0-1

[Event "?"]
[Site "ICS rated blitz match, 164.58"]
[Date "1997.??.??"]
[Round "?"]
[White "Brause"]
[Black "RossA"]
[Result "1-0"]
[WhiteElo "2300"]
[BlackElo "1785"]
[PlyCount "35"]

1. e4 e5 2. Nf3 Nc6 3. Nc3 Nf6 4. Nxe5 Nxe5 5. d4 Ng6 6. e5 c5 7. exf6 Qxf6 8.
Be3 b6 9. Bc4 Bb7 10. O-O Bd6 11. dxc5 bxc5 12. Nb5 Bb8 13. Re1 O-O 14. Bd5
Bxd5 15. Qxd5 a6 16. Bxc5 axb5 17. Bxf8 Be5 18. Bxg7 1-0

[Event "?"]
[Site "ICS rated blitz match, 164.58"]
[Date "1997.??.??"]
[Round "?"]
[White "Brause"]
[Black "RossA"]
[Result "1-0"]
[WhiteElo "2305"]
[BlackElo "1785"]
[PlyCount "63"]

1. e4 e5 2. Nf3 Nc6 3. Nc3 Nf6 4. Nxe5 Nxe5 5. d4 Ng6 6. e5 Ng8 7. Bc4 d5 8.
Nxd5 Be6 9. Ne3 Bxc4 10. Nxc4 c5 11. d5 b5 12. Na3 Nxe5 13. O-O Bd6 14. f4 Nd7
15. Nxb5 Qb8 16. c4 a6 17. Qg4 Ngf6 18. Qxg7 Rg8 19. Nxd6+ Qxd6 20. Re1+ Kd8
21. Qxf7 Kc7 22. Re6 Raf8 23. Rxd6 Rxf7 24. Rxa6 Nh5 25. Rc6+ Kb7 26. Rb1 Nxf4
27. Bxf4 Rxf4 28. b4 Rg7 29. bxc5+ Ka7 30. Rc7+ Ka6 31. Rb4 Rfg4 32. Ra4# 1-0

[Event "?"]
[Site "ICS rated blitz match, 164.58"]
[Date "1997.??.??"]
[Round "?"]
[White "Brause"]
[Black "BauttuaB"]
[Result "1-0"]
[WhiteElo "2310"]
[BlackElo "2225"]
[PlyCount "63"]

1. e4 e5 2. Nf3 Nc6 3. Nc3 Nf6 4. Nxe5 Nxe5 5. d4 Ng6 6. e5 Ng8 7. Bc4 d5 8.
Nxd5 N8e7 9. Nf4 Nxf4 10. Bxf4 Nd5 11. Qf3 Be6 12. Bd2 c6 13. O-O Be7 14. Qg3
g6 15. Bd3 Bh4 16. Qf3 Qd7 17. Qe4 Be7 18. c4 Nc7 19. Rad1 O-O-O 20. Bc3 Rhe8
21. Qe3 h5 22. b3 Kb8 23. Be4 Qc8 24. Ba5 Bf5 25. d5 Bxe4 26. d6 Bxd6 27. exd6
Na6 28. Bxd8 Qxd8 29. d7 Re6 30. Qf4+ Nc7 31. Qxf7 Bf5 32. Qf8 1-0

[Event "?"]
[Site "ICS rated blitz match, 164.58"]
[Date "1997.??.??"]
[Round "?"]
[White "Brause"]
[Black "BauttuaB"]
[Result "0-1"]
[WhiteElo "2315"]
[BlackElo "2220"]
[PlyCount "128"]

1. e4 e5 2. Nf3 Nc6 3. Nc3 Nf6 4. Nxe5 Nxe5 5. d4 Ng6 6. e5 Ng8 7. Bc4 d5 8.
Nxd5 N8e7 9. Nf4 Nxf4 10. Bxf4 Nd5 11. Qf3 Nxf4 12. Qxf4 Be6 13. Bxe6 fxe6 14.
Qe4 c6 15. c3 Qd5 16. Qg4 O-O-O 17. O-O Kb8 18. b4 g6 19. a4 Be7 20. b5 c5 21.
Rfd1 c4 22. a5 Rdf8 23. a6 b6 24. Rab1 h5 25. Qh3 g5 26. f3 Rf4 27. Rf1 h4 28.
Rfe1 Rg8 29. Rb2 g4 30. fxg4 Rfxg4 31. Rf1 Kc7 32. Rf7 Kd7 33. Rff2 R4g7 34.
Rf1 Ba3 35. Rbf2 Be7 36. Rb1 Bg5 37. Re2 Bf4 38. Kh1 Bg5 39. Rf2 Be7 40. Rfb2
Rf7 41. Rd1 Rgf8 42. Kg1 Bg5 43. Rbb1 Rf4 44. Re1 Re4 45. Red1 Ref4 46. Rb4 Rf2
47. Rbb1 Be3 48. Kh1 Rg8 49. Rg1 Rc2 50. Qf3 Qxf3 51. gxf3 Bxg1 52. Rxg1 Rxg1+
53. Kxg1 Rxc3 54. Kf2 Rd3 55. Ke2 Rxd4 56. Ke3 Rd5 57. Kf4 c3 58. Kg5 c2 59.
Kxh4 c1=Q 60. Kg4 Rxe5 61. f4 Qg1+ 62. Kh4 Rf5 63. h3 Rf8 64. Kh5 Rh8# 0-1

[Event "?"]
[Site "ICS rated blitz match, 164.58"]
[Date "1997.??.??"]
[Round "?"]
[White "Brause"]
[Black "BauttuaB"]
[Result "1-0"]
[WhiteElo "2310"]
[BlackElo "2225"]
[PlyCount "59"]

1. e4 e5 2. Nf3 Nc6 3. Nc3 Nf6 4. Nxe5 Nxe5 5. d4 Ng6 6. e5 Ng8 7. Bc4 d5 8.
Nxd5 N8e7 9. Nf4 Nxf4 10. Bxf4 Nd5 11. Qf3 Nxf4 12. Qxf4 Be6 13. Bxe6 fxe6 14.
Qe4 Qd7 15. Qxb7 Qd5 16. Qxd5 exd5 17. Ke2 c5 18. dxc5 Bxc5 19. Rad1 O-O-O 20.
Rd3 Rhe8 21. f4 g5 22. Rc3 gxf4 23. Rxc5+ Kb7 24. Kf3 Rxe5 25. Kxf4 Re4+ 26.
Kg3 Re3+ 27. Kf2 Re4 28. Rc3 d4 29. Rb3+ Kc6 30. Re1 1-0

[Event "?"]
[Site "ICS rated blitz match, 164.58"]
[Date "1997.??.??"]
[Round "?"]
[White "Brause"]
[Black "BauttuaB"]
[Result "1-0"]
[WhiteElo "2325"]
[BlackElo "2215"]
[PlyCount "103"]

1. e4 e5 2. Nf3 Nc6 3. Nc3 Nf6 4. Nxe5 Nxe5 5. d4 Ng6 6. e5 Ng8 7. Bc4 d5 8.
Nxd5 N8e7 9. Nf4 Nxf4 10. Bxf4 Nd5 11. Qf3 Nxf4 12. Qxf4 Be6 13. Bxe6 fxe6 14.
Qe4 c6 15. c3 Qd5 16. Qg4 O-O-O 17. O-O Kb8 18. b3 g6 19. Qh4 c5 20. Rad1 Bg7
21. h3 c4 22. bxc4 Qxc4 23. Qe7 Bh6 24. Rb1 Qc6 25. Rfd1 Rd7 26. Qh4 Bg7 27.
Qg3 Rhd8 28. Re1 Rc8 29. Rb3 Rdc7 30. Qh4 Bf8 31. Reb1 Qd5 32. R1b2 a6 33. Rb6
Be7 34. Qg4 Rxc3 35. Rxb7+ Qxb7 36. Rxb7+ Kxb7 37. Qxe6 Rc1+ 38. Kh2 Bh4 39. d5
R8c2 40. d6 Bxf2 41. Qe7+ Kc6 42. d7 Bg1+ 43. Kg3 Rc3+ 44. Kg4 h5+ 45. Kg5 Bb6
46. Qd6+ Kb7 47. Qxb6+ Kxb6 48. d8=Q+ Kc5 49. Kxg6 Kb4 50. Qb6+ Ka3 51. e6 Rc6
52. Qb3# 1-0

[Event "?"]
[Site "ICS rated blitz match, 164.58"]
[Date "1997.??.??"]
[Round "?"]
[White "Brause"]
[Black "BauttuaB"]
[Result "1-0"]
[WhiteElo "2320"]
[BlackElo "2220"]
[PlyCount "85"]

1. e4 e5 2. Nf3 Nc6 3. Nc3 Nf6 4. Nxe5 Nxe5 5. d4 Ng6 6. e5 Ng8 7. Bc4 d5 8.
Nxd5 N8e7 9. Nf4 Nxf4 10. Bxf4 Nd5 11. Qf3 Nxf4 12. Qxf4 Be6 13. Bxe6 fxe6 14.
Qe4 c6 15. c3 Qd5 16. Qg4 O-O-O 17. O-O c5 18. Rfd1 c4 19. Rab1 Rd7 20. b3 g6
21. bxc4 Qxc4 22. Rb3 Be7 23. Qe4 Qd5 24. Qe2 Rc7 25. Rdb1 Rd8 26. a4 a6 27.
Qe3 g5 28. Qh3 Bf8 29. Rb6 Re8 30. a5 h6 31. Kh1 Ree7 32. Ra1 Rc6 33. Rxc6+
Qxc6 34. Kg1 Kb8 35. Kh1 Rc7 36. Rc1 Qd5 37. Ra1 Rc8 38. Kg1 Ka7 39. Kh1 Qb3
40. Rc1 Ba3 41. Rg1 Rxc3 42. Qxh6 Rc1 43. h3 1-0

[Event "?"]
[Site "ICS rated blitz match, 164.58"]
[Date "1997.??.??"]
[Round "?"]
[White "Brause"]
[Black "oldtimer"]
[Result "1/2-1/2"]
[WhiteElo "2325"]
[BlackElo "2150"]
[PlyCount "189"]

1. e4 e5 2. Nf3 Nc6 3. Nc3 Nf6 4. Nxe5 Nxe5 5. d4 Ng6 6. e5 Ng8 7. Bc4 d5 8.
Nxd5 Be6 9. Ne3 Bxc4 10. Nxc4 c5 11. d5 b5 12. Na3 Nxe5 13. O-O Bd6 14. Qe2 Ne7
15. Qxb5+ Qd7 16. Re1 O-O 17. Qxd7 Nxd7 18. Nc4 Nc8 19. Nxd6 Nxd6 20. Bf4 Nc8
21. c4 Ncb6 22. Re7 Nf6 23. b3 Rfd8 24. Bg5 Nfd7 25. Bf4 Re8 26. Rae1 Nf6 27.
f3 Rad8 28. Bg5 Rxe7 29. Rxe7 Nfd7 30. Rxf7 Kxf7 31. Bxd8 Ne5 32. Bg5 Nd3 33.
Bd2 h6 34. Kf1 Ne5 35. Ke2 h5 36. Bc3 Ned7 37. Kd3 Nc8 38. b4 g6 39. bxc5 Nxc5+
40. Kd4 Nd7 41. c5 Ke8 42. d6 Nb8 43. Kd5 Kd7 44. g4 a6 45. gxh5 gxh5 46. f4
Na7 47. f5 Nbc6 48. a4 Nd8 49. Be1 Nac6 50. Bc3 Nf7 51. f6 Nfd8 52. Be1 Nf7 53.
a5 Nfd8 54. Bc3 Nf7 55. Bd2 Nfd8 56. h3 Nf7 57. Be1 Ng5 58. h4 Nf7 59. Bd2 Nfd8
60. Be1 Nf7 61. Bc3 Na7 62. Bd2 Nc6 63. Bg5 Nfe5 64. Bf4 Ng6 65. Bh6 Nh8 66.
Be3 Nxa5 67. Bc1 Nc6 68. Bd2 Nf7 69. Bc3 Nfd8 70. Be1 Nf7 71. Bd2 a5 72. Bc1
Nb4+ 73. Kd4 Kc6 74. Bb2 Na6 75. Ba3 Nb8 76. Ke4 Nd7 77. Kf5 Nxc5 78. Kg6 Nxd6
79. Kxh5 Nce4 80. Kg6 Nc4 81. f7 Ne5+ 82. Kf5 Nxf7 83. Kxe4 Kd7 84. Kd5 Nh6 85.
h5 Nf7 86. Bc1 a4 87. Bb2 Ke7 88. Ba1 a3 89. Kc4 Ke6 90. Kb3 Kf5 91. Ka2 Kg5
92. h6 Kxh6 93. Bc3 Kg5 94. Bd2+ Kf5 95. Kxa3 1/2-1/2

[Event "?"]
[Site "ICS rated blitz match, 164.58"]
[Date "1997.??.??"]
[Round "?"]
[White "Brause"]
[Black "oldtimer"]
[Result "0-1"]
[WhiteElo "2320"]
[BlackElo "2155"]
[PlyCount "140"]

1. e4 e5 2. Nf3 Nc6 3. Nc3 Nf6 4. Nxe5 Nxe5 5. d4 Ng6 6. e5 Ng8 7. Bc4 d5 8.
Nxd5 N8e7 9. Nf4 Nxf4 10. Bxf4 Be6 11. Bxe6 fxe6 12. O-O c5 13. c3 cxd4 14.
cxd4 Nd5 15. Qg4 Qd7 16. Be3 Qf7 17. Qe2 a6 18. Bg5 h6 19. Bd2 Be7 20. Qg4 h5
21. Qe4 O-O 22. Rac1 Rac8 23. f3 Rxc1 24. Rxc1 Qf5 25. Rc4 g5 26. a3 g4 27. Bh6
Rf7 28. Rc8+ Kh7 29. Bd2 gxf3 30. gxf3 Kg7 31. Qxf5 Rxf5 32. Kg2 Rf8 33. Rc2
Kg6 34. Kf2 Kf5 35. Ke2 Rg8 36. Kd3 Rg2 37. Bh6 Rxc2 38. Kxc2 Bg5 39. Bf8 Kf4
40. Kd3 Kxf3 41. Bg7 b5 42. Bh8 h4 43. Bg7 h3 44. Bf8 Bf4 45. a4 Bxh2 46. axb5
axb5 47. Kc2 Bf4 48. Kb3 h2 49. Ka2 Ke2 50. Bd6 Kd3 51. Bb8 Kc2 52. Bd6 Bc1 53.
Ba3 h1=N 54. Ka1 Kb3 55. Kb1 Be3 56. Bc5 Nf2 57. Ba7 Nd3 58. Bc5 Nxb2 59. Ka1
Na4 60. Ba3 Kxa3 61. Kb1 Kb3 62. Ka1 b4 63. Kb1 Nac3+ 64. Ka1 Ne2 65. Kb1 Bd2
66. Ka1 Ka3 67. Kb1 b3 68. Ka1 Be3 69. Kb1 Nec3+ 70. Ka1 b2# 0-1

[Event "?"]
[Site "ICS rated blitz match, 164.58"]
[Date "1997.??.??"]
[Round "?"]
[White "Brause"]
[Black "pmac"]
[Result "1-0"]
[WhiteElo "2315"]
[BlackElo "2080"]
[PlyCount "115"]

1. e4 e5 2. Nf3 Nc6 3. Nc3 Nf6 4. Nxe5 Nxe5 5. d4 Ng6 6. e5 Ng8 7. Bc4 Bb4 8.
Qf3 Qe7 9. O-O Bxc3 10. bxc3 Nh6 11. g3 O-O 12. Qh5 d6 13. Bxh6 gxh6 14. f4
dxe5 15. f5 exd4 16. Qxh6 Qe3+ 17. Qxe3 dxe3 18. fxg6 hxg6 19. Rae1 Bd7 20.
Rxe3 Rae8 21. Rxe8 Bxe8 22. Re1 b5 23. Bd3 Bd7 24. a3 a6 25. c4 Re8 26. Rxe8+
Bxe8 27. cxb5 Bxb5 28. c4 Ba4 29. Kf2 Kf8 30. Ke3 Ke7 31. h4 Kd6 32. g4 Bd1 33.
Be2 Bxe2 34. Kxe2 Ke5 35. Ke3 f5 36. h5 fxg4 37. h6 Kf6 38. Kf4 g5+ 39. Kxg4
Kg6 40. h7 Kxh7 41. Kxg5 Kg7 42. Kf5 Kf7 43. Ke5 Ke7 44. Kd5 Kd7 45. a4 Kc8 46.
Kc6 Kb8 47. a5 Kc8 48. c5 Kd8 49. Kb7 Kd7 50. Kxa6 Kc6 51. Ka7 Kxc5 52. a6 Kd4
53. Kb7 c5 54. a7 c4 55. a8=Q c3 56. Qa4+ Kd3 57. Qd1+ Kc4 58. Kc6 1-0

[Event "?"]
[Site "ICS rated blitz match, 164.58"]
[Date "1997.??.??"]
[Round "?"]
[White "Brause"]
[Black "TripleCrown"]
[Result "1-0"]
[WhiteElo "2320"]
[BlackElo "1815"]
[PlyCount "37"]

1. e4 e5 2. Nf3 Nc6 3. Nc3 Nf6 4. Nxe5 Nxe5 5. d4 Ng6 6. e5 Ng8 7. Bc4 Bb4 8.
Qf3 Bxc3+ 9. bxc3 Qe7 10. O-O Nh6 11. g3 O-O 12. Qh5 d6 13. Bxh6 gxh6 14. f4
Be6 15. f5 Bxc4 16. f6 Bxf1 17. Qxh6 Qxf6 18. exf6 Rfe8 19. Qg7# 1-0

[Event "?"]
[Site "ICS rated blitz match, 164.58"]
[Date "1997.??.??"]
[Round "?"]
[White "Brause"]
[Black "TripleCrown"]
[Result "1-0"]
[WhiteElo "2325"]
[BlackElo "1815"]
[PlyCount "49"]

1. e4 e5 2. Nf3 Nc6 3. Nc3 Nf6 4. Nxe5 Nxe5 5. d4 Nc6 6. d5 Ne5 7. f4 Ng6 8. e5
Qe7 9. Qe2 Ng8 10. d6 cxd6 11. Nd5 Qd8 12. Nc7+ Qxc7 13. exd6+ Be7 14. dxc7 Nf6
15. f5 Nh4 16. Bg5 Nxf5 17. Bxf6 gxf6 18. O-O-O O-O 19. g4 Ng7 20. Qxe7 d5 21.
Rxd5 Bxg4 22. Rd8 Ne6 23. Rg1 h5 24. Qxf8+ Nxf8 25. Rxa8 1-0

[Event "?"]
[Site "ICS rated blitz match, 164.58"]
[Date "1997.??.??"]
[Round "?"]
[White "Brause"]
[Black "TripleCrown"]
[Result "1-0"]
[WhiteElo "2325"]
[BlackElo "1815"]
[PlyCount "69"]

1. e4 e5 2. Nf3 Nc6 3. Nc3 Nf6 4. Nxe5 Nxe5 5. d4 Nc6 6. d5 Nb8 7. e5 Ng8 8. d6
Nc6 9. Nb5 cxd6 10. exd6 Bxd6 11. Qxd6 Qe7+ 12. Be3 Qxd6 13. Nxd6+ Kf8 14.
O-O-O Nge7 15. Nxc8 Rxc8 16. Rxd7 Ke8 17. Rxb7 Nf5 18. Bb5 Nxe3 19. fxe3 Rf8
20. Rxa7 f6 21. Ra6 Kf7 22. Rxc6 Rxc6 23. Bxc6 Rc8 24. Bd5+ Ke7 25. c4 Kd6 26.
b4 Ke5 27. a4 g5 28. a5 Rc7 29. b5 Ra7 30. b6 Rxa5 31. b7 Ra1+ 32. Kd2 Rxh1 33.
b8=Q+ Kf5 34. Qe8 g4 35. Qh5# 1-0

[Event "?"]
[Site "ICS rated blitz match, 164.58"]
[Date "1997.??.??"]
[Round "?"]
[White "Brause"]
[Black "TripleCrown"]
[Result "1-0"]
[WhiteElo "2325"]
[BlackElo "1815"]
[PlyCount "109"]

1. e4 e5 2. Nf3 Nc6 3. Nc3 Nf6 4. Nxe5 Nxe5 5. d4 Nc6 6. d5 Nb4 7. Bc4 d6 8.
O-O Be7 9. a3 Na6 10. Bxa6 bxa6 11. f3 O-O 12. Be3 Bd7 13. Qd3 Bb5 14. Nxb5
axb5 15. Qxb5 Rb8 16. Qc6 Rxb2 17. Bd4 Rb8 18. Bxa7 Rc8 19. Rab1 Qd7 20. Qxd7
Nxd7 21. Rb7 Bf6 22. Rfb1 Ne5 23. R1b4 Rfe8 24. Bb8 h6 25. Bxc7 Ra8 26. Bxd6
Rxa3 27. Rb8 Ra1+ 28. Kf2 Rxb8 29. Rxb8+ Kh7 30. Rb7 Ra2 31. Rc7 Nd3+ 32. Kg3
Be5+ 33. Bxe5 Nxe5 34. d6 Ra8 35. f4 Ra3+ 36. c3 Nd7 37. Rxd7 Rxc3+ 38. Kf2 Kg6
39. Rc7 Rd3 40. e5 Rd1 41. g4 Rd2+ 42. Ke3 Rd1 43. f5+ Kg5 44. Rxf7 Kxg4 45. e6
Kg5 46. d7 g6 47. f6 Kf5 48. e7 Re1+ 49. Kd2 Rh1 50. e8=Q Rxh2+ 51. Qe2 Rxe2+
52. Kxe2 Ke6 53. d8=Q Kxf7 54. Qe7+ Kg8 55. Qg7# 1-0

[Event "?"]
[Site "ICS rated blitz match, 164.58"]
[Date "1997.??.??"]
[Round "?"]
[White "Brause"]
[Black "TripleCrown"]
[Result "1-0"]
[WhiteElo "2325"]
[BlackElo "1815"]
[PlyCount "65"]

1. e4 e5 2. Nf3 Nc6 3. Nc3 Nf6 4. Nxe5 Nxe5 5. d4 Bb4 6. dxe5 Nxe4 7. Qg4 Nxc3
8. Qxb4 Nd5 9. Qg4 O-O 10. Bh6 g6 11. Bxf8 Qxf8 12. O-O-O Qc5 13. Qd4 Qxd4 14.
Rxd4 c6 15. Bc4 Nb6 16. Bb3 a5 17. Rf4 d5 18. exd6 Be6 19. Bxe6 fxe6 20. Re1
Nd5 21. Rfe4 Rd8 22. Rxe6 Kf7 23. g3 Rd7 24. a3 b5 25. c3 c5 26. R6e5 Rxd6 27.
Rd1 b4 28. Rdxd5 bxa3 29. bxa3 Rf6 30. Rd7+ Kf8 31. Rxc5 Ke8 32. Rxh7 Kd8 33.
Rxa5 1-0

[Event "?"]
[Site "ICS rated blitz match, 164.58"]
[Date "1997.??.??"]
[Round "?"]
[White "Brause"]
[Black "TripleCrown"]
[Result "1-0"]
[WhiteElo "2325"]
[BlackElo "1810"]
[PlyCount "27"]

1. e4 e5 2. Nf3 Nc6 3. Nc3 Nf6 4. Nxe5 Nxe5 5. d4 Nc6 6. d5 Nb4 7. a3 Na6 8. e5
Ng8 9. Qf3 d6 10. Bb5+ Bd7 11. e6 fxe6 12. dxe6 Qf6 13. exd7+ Kd8 14. Bg5 1-0

[Event "?"]
[Site "ICS rated blitz match, 164.58"]
[Date "1997.??.??"]
[Round "?"]
[White "Brause"]
[Black "TripleCrown"]
[Result "1-0"]
[WhiteElo "2330"]
[BlackElo "1810"]
[PlyCount "65"]

1. e4 e5 2. Nf3 Nc6 3. Nc3 Nf6 4. Nxe5 Nxe5 5. d4 Neg4 6. e5 Nxf2 7. Kxf2 Ng8
8. Bc4 d5 9. Bxd5 Bb4 10. Qf3 Be6 11. Bxe6 fxe6 12. Qxb7 Bxc3 13. Qc6+ Kf8 14.
bxc3 Ne7 15. Qxe6 Qc8 16. Qxc8+ Nxc8 17. Ke3 Nb6 18. Ke4 Ke7 19. d5 Rad8 20.
Bg5+ Kd7 21. Bxd8 Rxd8 22. Rhf1 Kc8 23. Rad1 Na4 24. Kd4 c5+ 25. Kc4 Nb2+ 26.
Kxc5 Nxd1 27. Rxd1 Kc7 28. e6 g5 29. d6+ Kb7 30. e7 Rc8+ 31. Kd5 Re8 32. d7
Rxe7 33. d8=Q 1-0

[Event "?"]
[Site "ICS rated blitz match, 164.58"]
[Date "1997.??.??"]
[Round "?"]
[White "Brause"]
[Black "TripleCrown"]
[Result "1-0"]
[WhiteElo "2330"]
[BlackElo "1805"]
[PlyCount "73"]

1. e4 e5 2. Nf3 Nc6 3. Nc3 Nf6 4. Nxe5 Nxe5 5. d4 Nc6 6. d5 Nb4 7. a3 Na6 8. e5
Nxd5 9. Nxd5 Bc5 10. Bxa6 bxa6 11. Qg4 O-O 12. Bh6 g6 13. Nf6+ Kh8 14. Bxf8
Qxf8 15. Qh4 Qg7 16. O-O d5 17. Nxh7 Qxh7 18. Qd8+ Kg7 19. Qxd5 Rb8 20. Qxc5
Be6 21. b3 Rd8 22. Qxa7 Rd2 23. Qxc7 Qh4 24. Rad1 Qd4 25. Qd6 Rxd1 26. Rxd1 Qb2
27. Qc6 Qxe5 28. Qxa6 Qh5 29. Qd6 Qf5 30. Qd4+ Kh7 31. Qh4+ Kg7 32. Rd8 Qh5 33.
Qd4+ Kh6 34. Rh8+ Kg5 35. Qe5+ Bf5 36. Qe7+ Kf4 37. Qe3+ 1-0

[Event "?"]
[Site "ICS rated blitz match, 164.58"]
[Date "1997.??.??"]
[Round "?"]
[White "Brause"]
[Black "TripleCrown"]
[Result "1-0"]
[WhiteElo "2335"]
[BlackElo "1805"]
[PlyCount "41"]

1. e4 e5 2. Nf3 Nc6 3. Nc3 Nf6 4. Nxe5 Nxe5 5. d4 Nc6 6. d5 Bb4 7. dxc6 bxc6 8.
Qd4 c5 9. Qe5+ Qe7 10. Qxe7+ Kxe7 11. Bd2 Bxc3 12. Bxc3 Re8 13. f3 d5 14. O-O-O
d4 15. Ba5 Kd7 16. c3 Nxe4 17. fxe4 Rxe4 18. Bd3 Re5 19. Bb5+ c6 20. cxd4 Rd5
21. dxc5 1-0

[Event "?"]
[Site "ICS rated blitz match, 164.58"]
[Date "1997.??.??"]
[Round "?"]
[White "Brause"]
[Black "TripleCrown"]
[Result "1-0"]
[WhiteElo "2335"]
[BlackElo "1805"]
[PlyCount "41"]

1. e4 e5 2. Nf3 Nc6 3. Nc3 Nf6 4. Nxe5 Nxe5 5. d4 Nc6 6. d5 Nxd5 7. exd5 Qe7+
8. Be2 Ne5 9. O-O d6 10. Re1 Bf5 11. f4 O-O-O 12. fxe5 Qxe5 13. Bg5 f6 14. Bg4
Qxe1+ 15. Qxe1 Bxg4 16. Qe4 Bd7 17. Be3 g6 18. Qd4 Be7 19. Qxa7 c6 20. Bb6 Bf5
21. dxc6 1-0

[Event "?"]
[Site "ICS rated blitz match, 164.58"]
[Date "1997.??.??"]
[Round "?"]
[White "Brause"]
[Black "oldtimer"]
[Result "0-1"]
[WhiteElo "2345"]
[BlackElo "2170"]
[PlyCount "170"]

1. e4 e5 2. Nf3 Nc6 3. Nc3 Nf6 4. Nxe5 Nxe5 5. d4 Ng6 6. e5 Ng8 7. Bc4 d5 8.
Nxd5 N8e7 9. Nf4 Nxf4 10. Bxf4 Be6 11. Bxe6 fxe6 12. O-O c5 13. c3 cxd4 14.
cxd4 Nd5 15. Qg4 Qd7 16. Be3 Qf7 17. Qe2 a6 18. Bg5 h6 19. Bd2 Be7 20. Qg4 h5
21. Qe4 O-O 22. Rac1 Qf5 23. f3 Rf7 24. Rc2 Raf8 25. Rcc1 g5 26. Qxf5 Rxf5 27.
Kf2 g4 28. Ke2 Kg7 29. fxg4 hxg4 30. h3 Rxf1 31. Rxf1 Rxf1 32. Kxf1 gxh3 33.
gxh3 Kg6 34. Ke2 Kh5 35. Kf3 Kh4 36. Kg2 Bg5 37. Be1+ Kh5 38. Kf3 Bc1 39. b3
Bb2 40. Ke4 b5 41. h4 Bc1 42. a4 Kg4 43. Kd3 Bf4 44. Ke4 Bc1 45. Kd3 Ba3 46.
axb5 axb5 47. Ke4 Be7 48. h5 Kxh5 49. Kf3 Bh4 50. Bd2 Bg5 51. Be1 Be3 52. Ke4
Kg4 53. Ba5 Bg5 54. Be1 Bh4 55. Bd2 Bf2 56. Bh6 Be1 57. Bf8 Bb4 58. Bh6 Kg3 59.
Bc1 Kf2 60. Kd3 Kf3 61. Bh6 Be1 62. Bf8 Nf4+ 63. Kc2 Ke4 64. Bh6 Nd5 65. Bg5
Bc3 66. Bc1 Bxd4 67. Bh6 Bxe5 68. Bf8 Bc3 69. Bh6 Bb4 70. Bg7 Ne3+ 71. Kb1 Kd3
72. Bf6 Bd2 73. Be5 Nc2 74. Bf6 Bf4 75. Be7 Kc3 76. Ka2 Nd4 77. b4 Kc2 78. Bf8
Be5 79. Bc5 Nb3 80. Be3 Bb2 81. Bh6 e5 82. Be3 e4 83. Bf4 Nc5 84. Bd2 Nd3 85.
Bg5 Nxb4# 0-1

[Event "?"]
[Site "ICS rated blitz match, 164.58"]
[Date "1997.??.??"]
[Round "?"]
[White "Brause"]
[Black "antonello"]
[Result "1-0"]
[WhiteElo "2350"]
[BlackElo "2730"]
[PlyCount "25"]

1. e4 e5 2. Nf3 Nc6 3. Nc3 Nf6 4. Nxe5 Nxe5 5. d4 Neg4 6. e5 Nxf2 7. Kxf2 Ng8
8. Bf4 Qh4+ 9. g3 Qe7 10. Nb5 d6 11. exd6 cxd6 12. Nxd6+ Kd8 13. Bc4 1-0

[Event "?"]
[Site "ICS rated blitz match, 164.58"]
[Date "1997.??.??"]
[Round "?"]
[White "Brause"]
[Black "oldtimer"]
[Result "1-0"]
[WhiteElo "2345"]
[BlackElo "2110"]
[PlyCount "21"]

1. e4 e5 2. Nf3 Nc6 3. Nc3 Nf6 4. Nxe5 Nxe5 5. d4 Ng6 6. e5 Ng8 7. Bc4 c6 8.
Qe2 Qe7 9. Ne4 Nxe5 10. dxe5 Qxe5 11. f4 1-0

[Event "?"]
[Site "ICS rated blitz match, 164.58"]
[Date "1997.??.??"]
[Round "?"]
[White "Brause"]
[Black "oldtimer"]
[Result "0-1"]
[WhiteElo "2335"]
[BlackElo "2110"]
[PlyCount "40"]

1. e4 e5 2. Nf3 Nc6 3. Nc3 Nf6 4. Nxe5 Nxe5 5. d4 Ng6 6. e5 Ng8 7. Bc4 d5 8.
Nxd5 N8e7 9. Ne3 c6 10. O-O Be6 11. Bxe6 fxe6 12. c3 c5 13. Qg4 cxd4 14. cxd4
Qd7 15. Rd1 Nd5 16. Nxd5 Qxd5 17. Bg5 Be7 18. Bxe7 Nxe7 19. Rac1 O-O 20. a3
Rac8 0-1

[Event "?"]
[Site "ICS rated blitz match, 164.58"]
[Date "1997.??.??"]
[Round "?"]
[White "Brause"]
[Black "oldtimer"]
[Result "1/2-1/2"]
[WhiteElo "2325"]
[BlackElo "2120"]
[PlyCount "209"]

1. e4 e5 2. Nf3 Nc6 3. Nc3 Nf6 4. Nxe5 Nxe5 5. d4 Ng6 6. e5 Ng8 7. Bc4 d5 8.
Nxd5 Be6 9. Ne3 Bxc4 10. Nxc4 c5 11. d5 b5 12. Na3 Nxe5 13. O-O Bd6 14. Re1 Ne7
15. Nxb5 O-O 16. Qe2 N5g6 17. Bg5 Re8 18. c4 h6 19. Nxd6 Qxd6 20. Bd2 Kf8 21.
Qg4 Ng8 22. Bc3 Nf6 23. Qf3 Rxe1+ 24. Rxe1 Re8 25. Rxe8+ Nxe8 26. Qe3 Qe7 27.
b4 Qxe3 28. fxe3 Nd6 29. bxc5 Nxc4 30. c6 f6 31. c7 Nb6 32. Bd4 Nc8 33. Bc5+
Ke8 34. e4 Kd7 35. Kf2 h5 36. Ke3 Kxc7 37. Bb4 Nd6 38. a4 Kd7 39. h3 a6 40. Bc3
Ne5 41. Kd4 Kc7 42. Ba5+ Kd7 43. Bc3 Nb7 44. Bb4 g6 45. Bd2 Nd6 46. Bc3 Nec4
47. Kd3 Ke7 48. Kd4 Nb6 49. Bb4 Nd7 50. h4 Ne5 51. Be1 Kd7 52. Bc3 Nec4 53. Kd3
Ne5+ 54. Kd4 Ng4 55. Be1 Nf7 56. Bd2 Kc7 57. Ba5+ Kb7 58. Be1 Kb6 59. Bd2 Nge5
60. Bb4 Nd7 61. Kc4 Nfe5+ 62. Kd4 Nf7 63. Kc4 f5 64. exf5 gxf5 65. Kd4 Nf6 66.
Be7 Ng4 67. Bb4 Nge5 68. g3 Ng6 69. Kd3 f4 70. gxf4 Nxf4+ 71. Ke4 Ng2 72. Be7
Kc7 73. Kf3 Ne1+ 74. Ke2 Kd7 75. Bf6 Nc2 76. Bc3 Na3 77. Kd3 Nd6 78. Kd4 Nac4
79. a5 Na3 80. Kd3 Nab5 81. Be1 Ke7 82. Ke3 Kf6 83. Kf4 Nf7 84. Ke4 Nbd6+ 85.
Kf4 Nc4 86. Bc3+ Kg6 87. Ke4 Nfd6+ 88. Kd4 Kf5 89. Kc5 Ke4 90. Bb4 Kd3 91. Kc6
Ne4 92. d6 Nexd6 93. Bxd6 Nxa5+ 94. Kd5 Nc4 95. Bf8 Ne3+ 96. Ke5 Ng2 97. Be7
Ke3 98. Kf5 a5 99. Kg6 Nf4+ 100. Kg5 a4 101. Bd6 Ng2 102. Kxh5 Kd3 103. Kg5
Nxh4 104. Kxh4 a3 105. Bxa3 1/2-1/2

[Event "?"]
[Site "ICS rated blitz match, 164.58"]
[Date "1997.??.??"]
[Round "?"]
[White "Brause"]
[Black "nille"]
[Result "1-0"]
[WhiteElo "2345"]
[BlackElo "1950"]
[PlyCount "49"]

1. e4 e5 2. Nf3 Nc6 3. Nc3 Nf6 4. Nxe5 Nxe5 5. d4 Nc6 6. d5 Nb8 7. e5 Ng8 8. d6
cxd6 9. exd6 Qf6 10. Nb5 Na6 11. Bc4 Qe5+ 12. Be3 Nf6 13. O-O Ne4 14. Bd4 Qf4
15. Re1 Kd8 16. g3 Qf5 17. Qd3 Bxd6 18. Rxe4 Qg6 19. Nxd6 Qxd6 20. Bxg7 Qxd3
21. Bf6+ Kc7 22. Bxd3 Rf8 23. Rc4+ Kd6 24. Re1 Nc5 25. Be7+ 1-0